Movies Quiz

Random Movies or Actress Quiz

Well-Separated Sequels Quiz Stats

Quiz Updated Feb 20, 2012

Also try: Simple Sequels
Challenge
Share
Tweet
Embed
Score 0/18 Timer 06:00
2 Plays Today
Gap Titles % Correct
16 Years (1990-2006)Rocky V / Rocky Balboa
89.5%
18 Years (1989-2008)Indiana Jones and the Last Crusade / Indiana Jones and the Kingdom of the Crystal Skull
83.7%
15 Years (1983-1999)Return of the Jedi / The Phantom Menace
83%
46 Years (1939-1985)The Wizard of Oz / Return to Oz
80%
19 Years (1988-2008)Rambo III / Rambo
71.3%
16 Years (1974-1990)The Godfather Part II / The Godfather Part III
66%
22 Years (1987-2010)Wall Street / Wall Street: Money Never Sleeps
65.3%
17 Years (1980-1998)The Blues Brothers / Blues Brothers 2000
55%
14 Years (1992-2006)Basic Instinct / Basic Instinct 2
50.6%
Gap Titles % Correct
28 Years (1982-2010)Tron / Tron: Legacy
50.3%
22 Years (1960-1983)Psycho / Psycho II
42.1%
29 Years (1968-1998)The Odd Couple / The Odd Couple II
34.9%
15 Years (1981-1996)Escape From New York / Escape From L.A.
34.3%
25 Years (1961-1986)The Hustler / The Color of Money
32.8%
16 Years (1974-1990)Chinatown / The Two Jakes
18.5%
16 Years (1968-1984)2001: A Space Odyssey / 2010: The Year We Make Contact
11.2%
18 Years (1971-1990)The Last Picture Show / Texasville
8.7%
17 Years (1961-1978)The Guns of Navarone / Force 10 From Navarone
3.2%

You're not logged in!

Compare scores with friends on all Sporcle quizzes.
Sign Up with Email
OR
Log In

You Might Also Like...

Show Comments

Extras

Top Quizzes Today


Score Distribution

Your Account Isn't Verified!

In order to create a playlist on Sporcle, you need to verify the email address you used during registration. Go to your Sporcle Settings to finish the process.